000 00315nam a2200145Ia 4500
100 _aShankar/ Asha G
490 _v1
942 _cBK
654 _anumerical
245 _aNumerical Integration Diff Equations
260 _bDeep & Deep
_c1994
082 _a515.625
_bSHA
300 _a181
546 _aENGLISH
999 _c22536
_d22536